| 000 | 00964cab a2200277 4500 | ||
|---|---|---|---|
| 001 | ABS44924 | ||
| 008 | 090401t1991 xxu||||| |||| 00| 0 eng d | ||
| 035 | _a(Sirsi) u49903 | ||
| 041 | _aeng | ||
| 100 | _aPowell, J.L | ||
| 245 | _aSubcontracting in the United Kingdom | ||
| 260 | _c1991 | ||
| 350 | _a0 | ||
| 490 |
_aInternational Construction Law Review _v8(3) July 1991, 331-343(13) |
||
| 520 | _aAnswers questions on five areas of subcontracting: the contents of the contract, the subcontractors`s relation to the main contractor, the relation between the client and the subcontractor and the termination of the contract. | ||
| 650 | _aASSIGNMENT | ||
| 650 | _aBUILT ENVIRONMENT-BUILDING CONTRACT FORMS | ||
| 650 | _aBUILT ENVIRONMENT-BUILDING MATERIALS | ||
| 650 | _aICE FORMS | ||
| 650 | _aJCT FORMS | ||
| 650 | _aLOSS | ||
| 650 | _aNOVATION | ||
| 690 | _aBUILT ENVIRONMENT-BUILDING CONTRACT FORMS | ||
| 942 | _n0 | ||
| 948 | _c04/03/1997 | ||
| 999 |
_c31239 _d31239 |
||